00819nam a22002417a 450000500170000001000130001702000220003003500130005203700160006504000120008108200130009310000260010624500560013226000400018827000410022830000320026965000230030165000290032470000260035394200220037999900190040195201570042020170124110107.0 aB-077492 c00.00a8173711464 aB-077492 bCen Lib/Ret aDPLbEN a921bABD aAbdul Kalm APJ928217 aWing of fire /cby Abdul Kalm APJ [and] Arun Tiwari aHyderabadbUniversities Pressc2002 a3-5-819,HydergudabHyderabade500029 axvi,180p. :c21cm(Hb)bill. aScientists9104407 aPresidentszIndia928219 aTiwari, Arun 9104408 2ddccENh921mABD c130078d130078 04104070aLbLd2015-07-08eCen Lib/Retg0.00l0o921 ABDpB-077492r2015-07-08 00:00:00t1v0.00w2015-07-08yENzW/d List No. 8132/23; dtd 20.2.2017